000 00725nam a2200217Ii 4500
003 JO-AjNU
008 230605s9999||||xx |||||||||||||| ||und||
020 _a978-9957-35-461-9
040 _aJO-AjNU
_bara
_erda
_cJO-AjNU
041 _aara
050 1 4 _aHQ1237.A23
100 3 _aالعبادي، ايمان يونس ابراهيم,
_eauthor
_962765
245 0 0 _aالتحرش الجنسي بالاطفال = Sexual harassment of children
250 _aط1
264 3 1 _aعمان: مركز الكتاب الاكاديمي
300 _a438ص
336 _atext
_btxt
_2rdacontent
337 _aunmediated
_bn
_2rdamedia
338 _avolume
_bnc
_2rdacarrier
650 4 _aالاطفال-التحرش الجنسي
_962766
999 _aA28437
_c32005
_d32005